| 000 | 006620000a22001810004500 | ||
|---|---|---|---|
| 003 | MACL | ||
| 005 | 20160503150212.0 | ||
| 008 | 160503b xxu||||| |||| 00| 0 eng d | ||
| 040 |
_aMACL _cMACL |
||
| 041 | _aHindi | ||
| 082 | _a800 PAN | ||
| 100 |
_aपांडे, गोविन्द चन्द्र _954962 |
||
| 245 |
_aभारतीय परम्परा के मूल स्वर _cगोविन्द चन्द्र पांडे |
||
| 260 |
_bनेशनल पब्लिशिंग _c1993 _aनई दिल्ली |
||
| 350 | _a55 | ||
| 650 |
_aLiterature _954963 |
||
| 942 |
_cHIN _k800/PAN/L _2ddc |
||
| 999 |
_c20723 _d20723 |
||